000 nam a22 7a 4500
999 _c127251
_d127251
008 171121b xxu||||| |||| 00| 0 eng d
020 _a9781851684786
050 _aB-125-1
100 _aFeser, Edward
_937635
245 _aPhilosophy of mind
_ba beginner's guide
_cEdward Feser
260 _aLondon
_bOne world
_c2005
300 _aviii, 267p. ;
_c21cm.
942 _2lcc
_cMONOGRAPH